Associe les artistes francophones avec leurs titres de chansons - Statistiques

Statistiques générales
  • Ce quiz a été pris 21 fois
  • Le résultat moyen est 6 sur 21
Statistiques - réponses
Hint Réponse % Correct
Laurent Voulzy Le pouvoir des fleurs
80%
Nolwenn Leroy Brésil Finistère
70%
Vanessa Paradis Tandem
65%
Mentissa Et bam
60%
Yves Simon Au pays des merveilles de Juliet
40%
Louane Donne-moi ton coeur
35%
Jérémy Frérot Gamins des sables
35%
Rilès JUSTICE & PEACE
35%
Alain Barrière A coups de nuits
20%
Solann Les ogres
20%
Pomme On brûlera
20%
Yodelice Sunday with a Flu
20%
Oklou Family and friends
15%
Bilal Hassani Jaloux
15%
Alain Bashung Je tuerai la pianiste
15%
Disiz La rosée
15%
Yelle Safari Disco Club
15%
Feu! Chatterton Mille vagues
10%
Pétrole Brut Banquise
5%
Terrenoire Le bon sens
5%
Suzane Mouvement
5%
Aucun quiz correspondant
Distribution des résultats
% des personnes avec chaque résultat
Percentile par nombre de réponses
Votre historique - résultats
Vous n’avez pas pris ce quiz